Cursos de vespre : i altres cursos especials per a l'any escolar 1916 - 1917 i altres cursos especials per a l'any escolar 1916 - 1917
Descripción Física:
8 p. ; 21 cm
Materias:
Ensenyament
MARC
| LEADER | 00000nam a2200000Ia 4500 | ||
|---|---|---|---|
| 001 | 21448 | ||
| 008 | 160829s1916 xx 000 0 cat d | ||
| 080 | |a RF-12-75 | ||
| 245 | |a Cursos de vespre : |b i altres cursos especials per a l'any escolar 1916 - 1917 | ||
| 260 | |a Barcelona : |b Consell de Pedagogia de la Diputació de Barcelona, |c 1916 | ||
| 300 | |a 8 p. ; |c 21 cm | ||
| 590 | |a Prové de 3274, exp. 1 | ||
| 650 | |a Ensenyament |9 22046 | ||
| 710 | 1 | |a Barcelona (Catalunya : Província). |b Consell de Pedagogia |9 54044 | |
| 856 | 4 | |u https://media.diba.cat/diba/fitxers/arxiu/fulletons/bib_21448_1916_baixa.pdf |y Accés lliure | |
| 856 | 4 | |u https://media.diba.cat/diba/fitxers/arxiu/fulletons/bib_21448_1916_baixa.pdf |y Accés lliure | |
| 901 | |a Arxiu | ||
| 942 | |n 1 |2 udc | ||
| 952 | |0 0 |1 0 |4 0 |6 RF1275 |7 1 |9 54057 |a Arxiu |b Arxiu |d 2016-12-01 |l 0 |o RF-12-75 |p 21448 |r 2016-12-01 00:00:00 |w 2016-12-01 |y ARXIU | ||
| 999 | |c 57925 |d 57925 | ||
| 900 | |a bib_21448_1916_baixa.pdf | ||